Mathematics for Information and Communication Technologies 6th Winter School of Mathematics for ICT, Šachtičky, January 3-8, 2011
| Corporate Author: | |
|---|---|
| Format: | Conference Proceeding Software Book |
| Language: | Slovak English Czech |
| PhysicalDescription: | 1 elektronický optický disk (CD-ROM) fotogr., grafy, mp., sch., tab. 12 cm |
| Published: |
Banská Bystrica
Science and Research Institute, Matej Bel University
2011
|
| ISBN: | 9788055702520 (elektronická kniha) |
| Subjects: |
MARC
| LEADER | 00000cam a2200000 a 4500 | ||
|---|---|---|---|
| 001 | vtls010329650 | ||
| 003 | SK-MaSNL | ||
| 005 | 20260301173418.0 | ||
| 007 | co bg auuua | ||
| 008 | 111209s2011 xo dbolf 100 0 slo | ||
| 015 | |a SNBS2013 | ||
| 020 | |a 9788055702520 (elektronická kniha) | ||
| 040 | |a SNK |b slo |c SNK |e AACR2 | ||
| 041 | 0 | |a eng |a cze |a slo | |
| 044 | |a xo |c SK | ||
| 072 | 7 | |a 51 |x Matematika |2 konspekt | |
| 072 | 7 | |a 004 |x Počítačová veda. Výpočtová technika. Informačné technológie |2 konspekt | |
| 072 | 7 | |a 621.39 |x Oznamovacia technika |2 konspekt | |
| 080 | |a 51 |2 2001 | ||
| 080 | |a 004 |2 2001 | ||
| 080 | |a 621.39+004.7 |2 2001 | ||
| 080 | |a (062.534) |2 2001 | ||
| 080 | |a (0.034.44) |2 2001 | ||
| 111 | 2 | |a Mathematics for Information and Communication Technologies |d (2011 : |c Šachtičky, Slovensko) |9 156891 | |
| 245 | 1 | 0 | |a Mathematics for Information and Communication Technologies |h elektronický zdroj |b 6th Winter School of Mathematics for ICT, Šachtičky, January 3-8, 2011 |
| 246 | 3 | 0 | |a 6th Winter School of Mathematics for ICT |
| 246 | 3 | 4 | |a Zimná škola MICT |
| 260 | |a Banská Bystrica |b Science and Research Institute, Matej Bel University |c 2011 | ||
| 300 | |a 1 elektronický optický disk (CD-ROM) |b fotogr., grafy, mp., sch., tab. |c 12 cm | ||
| 500 | |a Názov z titulnej obrazovky | ||
| 504 | |a Bibliogr. odkazy | ||
| 516 | |a Textový dokument (zborník), súbor vo formáte pdf | ||
| 538 | |a Technické požiadavky: PDF prehliadač | ||
| 546 | |a Čiast. text angl., čes. a slov. | ||
| 650 | 0 | 7 | |a matematika |2 SNKPH |9 70174 |
| 650 | 0 | 7 | |a informačné technológie |2 SNKPH |9 1527 |
| 650 | 0 | 7 | |a komunikačné technológie |2 SNKPH |9 1529 |
| 650 | 0 | 7 | |a Mathematics |2 SNKPHeng |9 265620 |
| 650 | 0 | 7 | |a Information technology |2 SNKPHeng |9 266458 |
| 650 | 0 | 7 | |a Communication technology |2 SNKPHeng |9 267940 |
| 655 | 7 | |a zborníky konferencií |2 SNKPH |9 70153 | |
| 655 | 7 | |a elektronické zdroje |2 SNKPH |9 90954 | |
| 655 | 7 | |a CD-ROM |2 SNKPH |9 70236 | |
| 655 | 7 | |a Electronic resources |2 SNKPHeng |9 175546 | |
| 655 | 7 | |a Proceedings of conferences |2 SNKPHeng |9 265791 | |
| 710 | 2 | |a Univerzita Mateja Bela v Banskej Bystrici. |b Ústav vedy a výskumu |4 pbl |9 123955 | |
| 919 | |a 978-80-557-0252-0 | ||
| 958 | |a NB | ||
| 999 | |c 836596 |d 838526 | ||
| 952 | |a SNK |b SNK |y PREZ |7 0 |p 17A0835149 |o snkSCDM 4394 |i snk2012/1930 |8 0 |0 0 |1 0 |4 0 |d 2012-01-24 |l 0 |r 2026-02-24 03:56:54 |w 2026-02-24 | ||
| 952 | |t snkMAT 51:004 |a SNKMST |b SNKMST |y PREZ |7 0 |p 17A0835150 |o snkSCDM 4394 D1 |i snk2012/1931 |8 0 |0 0 |1 0 |4 0 |d 2012-01-24 |l 0 |r 2025-08-11 00:00:00 |w 2026-02-24 | ||


